00242nam a22001097a 4500020001500000082001500015100002500030245002000055260003100075300000900106650001700115 a9555991545 a616.96 EDI aEdirisinghe Sarath.J aPractice of Man aMoratuwabVishvalekac1999 a175p amicrobiology